000 00492nam a2200181Ia 4500
003 OSt
005 20260109154527.0
008 210210b1951 xxu||||| |||| 00| 0 eng d
040 _cAL
041 _akan
082 _a859/1130
100 _aJULIUS FUCIK
_9146273
_dಜೂಲಿಯಸ್ ಫ್ಯೂಸಿಕ್
245 _aRaktanjali:
_b ರಕ್ತಾಂಜಲಿ
260 _aBengaluru
_bPurogami
_c1951
690 _aKannada Fiction
_9146274
906 _a021875
942 _2ddc
_cBK
999 _c145981
_d145981